000 01100nam a2200229Ia 4500
999 _c41539
_d41539
001 8206
003 GE_BSU
005 20221006102741.0
008 181216s2013ge xx |||||||||||||| ||geo||
020 _a9789941434655.
040 _cGE_BSU
041 _ageo
080 _a159.923 ბ-25
100 _aბარამიძე, ნოდარ.
_915077
245 _aნებისმიერი და ზნეობრივი ქცევის მიმართების პრობლემა /
_cნოდარ ბარამიძე, რედ.ირაკლი იმედაძე
264 _aბათუმი :
_bშოთა რუსთაველის სახ. უნ-ტის გამ-ბა,
_c2013.
300 _a231 გვ.:
_c20 სმ.
653 _aნებისმიერი და ზნეობრივი ქცევის მიმართების პრობლემა
653 _aფსიქოლოგია
700 _aიმედაძე, ირაკლი
_eრედაქტორი
_95687
942 _cBK
_2udc